Les mathématiques et le concret /
Guardado en:
| Autor Principal: | |
|---|---|
| Otros Autores: | |
| Formato: | Libro |
| Idioma: | French |
| Publicado: |
Paris :
Presses Universitaires de France,
1955.
|
| Series: | Philosophie de la matière
|
| Etiquetas: |
Agregar Etiqueta
Sin Etiquetas, Sea el primero en etiquetar este registro!
|
| LEADER | 00553nam a22001575a 4500 | ||
|---|---|---|---|
| 001 | MAT.inmabb001580 | ||
| 008 | 031211s1955####fr############000#0#fre#d | ||
| 005 | 20160622125048.0 | ||
| 245 | 1 | 4 | |a Les mathématiques et le concret / |c par Maurice Fréchet ; préface de Raymond Bayer. |
| 260 | |a Paris : |b Presses Universitaires de France, |c 1955. | ||
| 300 | |a viii, 438 p. ; |c 19 cm. | ||
| 440 | 0 | |a Philosophie de la matière | |
| 510 | 4 | |a MR, |c 17,697a | |
| 100 | 1 | |a Fréchet, Maurice, |d 1878-1973. | |
| 700 | 1 | |a Bayer, Raymond. |4 aui | |
| 859 | |h 00A30 |i F851 |p A-1962 |b BIB. MATEMATICA | ||
